LEADER 01534nam 2200337Ia 450 001 996390875003316 005 20200824132341.0 035 $a(CKB)1000000000660219 035 $a(EEBO)2248496309 035 $a(OCoLC)ocm11254760e 035 $a(OCoLC)11254760 035 $a(EXLCZ)991000000000660219 100 $a19841011d1695 uy | 101 0 $aeng 135 $aurbn||||a|bb| 200 10$aMans extremity, Gods opportunity, or, A display of Gods sovereign grace in saving a people whose recovery as to men and means is next to desperate$b[electronic resource] $eas it was delivered in a sermon preached before the Honourable Lieutenant governour ... of the province of the Massachusetts Bay in New England on May 29, 1695 which was the day for election of counsellors for that province /$fby the reverend Mr. Samuel Torrey 210 $aBoston $cPrinted by Bartholomew Green for Michael Perry ...$d1695 215 $a[3], 60 p 300 $aReproduction of the original in the Harvard University Library. 330 $aeebo-0062 606 $aElection sermons$zMassachusetts 606 $aSermons, American$y17th century 615 0$aElection sermons 615 0$aSermons, American 700 $aTorrey$b Samuel$f1632-1707.$01015572 801 1$bEAE 801 2$bWaOLN 906 $aBOOK 912 $a996390875003316 996 $aMans extremity, Gods opportunity, or, A display of Gods sovereign grace in saving a people whose recovery as to men and means is next to desperate$92391371 997 $aUNISA LEADER 02139oas 2200853 a 450 001 9910263859803321 005 20260128110038.0 011 $a1743-9086 035 $a(DE-599)ZDB2098462-5 035 $a(OCoLC)57203564 035 $a(CONSER) 2011233171 035 $a(CKB)110978984082297 035 $a(DE-599)2098462-5 035 $a(EXLCZ)99110978984082297 100 $a20041210a19949999 sy a 101 0 $aeng 135 $aurbn||||||||| 181 $ctxt$2rdacontent 182 $cc$2rdamedia 183 $acr$2rdacarrier 200 10$aIsrael affairs 210 $aIlford, Essex, U.K. $cFrank Cass & Co.$d1994- 210 3 $aAbingdon, Oxon, UK$cTaylor & Francis 300 $aRefereed/Peer-reviewed 300 $aSome issues also have distinctive titles. 311 08$a1353-7121 606 $aIsrae?l (staat)$2gtt 606 $aFOREIGN RELATIONS$2unbist 606 $aPOLITICAL CONDITIONS$2unbist 606 $aISRAEL$2unbist 606 $aJEWS$2unbist 607 $aIsrael$xHistory$y1993-$vPeriodicals 607 $aIsrae?l$xHistoire$y1993-$vPe?riodiques 607 $aIsrael$2fast$1https://id.oclc.org/worldcat/entity/E39PBJdgWx83Xb7cjjrMXBJYyd 608 $aHistory.$2fast 608 $aPeriodicals.$2fast 608 $aPeriodicals.$2lcgft 615 17$aIsrae?l (staat) 615 17$aFOREIGN RELATIONS. 615 17$aPOLITICAL CONDITIONS. 615 17$aISRAEL. 615 17$aJEWS. 676 $a956.9405405 801 0$bAMH 801 1$bAMH 801 2$bOCLCQ 801 2$bDLC 801 2$bOCL 801 2$bOCLCQ 801 2$bUKMGB 801 2$bGUA 801 2$bOCLCE 801 2$bOCLCQ 801 2$bOCLCF 801 2$bOCLCQ 801 2$bAUD 801 2$bVT2 801 2$bOCLCQ 801 2$bZAC 801 2$bDLC 801 2$bOCL 801 2$bU3W 801 2$bAU@ 801 2$bWYU 801 2$bUBY 801 2$bOCLCO 801 2$bOCLCQ 801 2$bUAB 801 2$bOCLCL 801 2$bOCLCQ 906 $aJOURNAL 912 $a9910263859803321 996 $aIsrael affairs$91321042 997 $aUNINA